书目信息 |
| 题名: |
立体主义与未来主义
|
|
| 作者: | 赵冠男 编著 | |
| 分册: | ||
| 出版信息: | 桂林 广西师范大学出版社 2020 |
|
| 页数: | 38页 | |
| 开本: | 29cm | |
| 丛书名: | ||
| 单 册: | ||
| 中图分类: | J110.99 , J110.9 | |
| 科图分类: | ||
| 主题词: | 立体主义--艺术流派 , 未来主义--艺术流派 | |
| 电子资源: | ||
| ISBN: | 978-7-5598-2102-7 | |
| 000 | 01398nam0 2200265 450 | |
| 001 | 2070938318 | |
| 005 | 20210107092846.66 | |
| 010 | @a978-7-5598-2102-7@b精装@dCNY128.00 | |
| 100 | @a20200608d2020 em y0chiy50 ea | |
| 101 | 0 | @achi |
| 102 | @aCN@b450000 | |
| 105 | @aaf z 000yy | |
| 200 | 1 | @a立体主义与未来主义@9li ti zhu yi yu wei lai zhu yi@b专著@dCubism and futurism@ethe chronology of modern art@f赵冠男编著@zeng |
| 210 | @a桂林@c广西师范大学出版社@d2020 | |
| 215 | @a38页@c图@d29cm | |
| 300 | @a建筑·设计·艺术理论研究系列 现代艺术源流年表 | |
| 330 | @a现代艺术史,一直因为庞杂的体系和纷乱的理论与现象让人望而却步或只能浅尝辄止。而现有的相关书籍显然都没能很好地给读者一把“开门钥匙”。《现代艺术源流年表》丛书则采用从宏观到微观的方式,将现代艺术从时代背景到流派运动,以用纯粹的图表形式将零散信息逐一地放置在时间轴上,使纷乱的信息共出于同一参照系内,让读者能够迅速地查询、读取关于现代艺术发展源流。《立体主义与未来主义》一书引导读者回到20世纪现代艺术的最初阶段,进入立体主义和未来主义的世界展开一些具体的观察,让这两场现代艺术中至关重要的运动成为大家铺开自己对现代艺术认识线索的钥匙。 | |
| 510 | 1 | @aCubism and futurism@ethe chronology of modern art@zeng |
| 606 | 0 | @a立体主义@x艺术流派 |
| 606 | 0 | @a未来主义@x艺术流派 |
| 690 | @aJ110.99@v5 | |
| 690 | @aJ110.9@v4 | |
| 701 | 0 | @a赵冠男@9zhao guan nan@4编著 |
| 801 | 2 | @aCN@b58marc.cn@c20200609 |
| 905 | @aZUCC@dJ110.9@e8 | |
| 立体主义与未来主义=Cubism and futurism:the chronology of modern art/赵冠男编著.-桂林:广西师范大学出版社,2020 |
| 38页:图;29cm |
| 建筑·设计·艺术理论研究系列 现代艺术源流年表 |
| ISBN 978-7-5598-2102-7(精装):CNY128.00 |
| 现代艺术史,一直因为庞杂的体系和纷乱的理论与现象让人望而却步或只能浅尝辄止。而现有的相关书籍显然都没能很好地给读者一把“开门钥匙”。《现代艺术源流年表》丛书则采用从宏观到微观的方式,将现代艺术从时代背景到流派运动,以用纯粹的图表形式将零散信息逐一地放置在时间轴上,使纷乱的信息共出于同一参照系内,让读者能够迅速地查询、读取关于现代艺术发展源流。《立体主义与未来主义》一书引导读者回到20世纪现代艺术的最初阶段,进入立体主义和未来主义的世界展开一些具体的观察,让这两场现代艺术中至关重要的运动成为大家铺开自己对现代艺术认识线索的钥匙。 |
| ● |
| 相关链接 |
|
|
|
正题名:立体主义与未来主义
索取号:J110.9/8
 
预约/预借
| 序号 | 登录号 | 条形码 | 馆藏地/架位号 | 状态 | 备注 |
| 1 | 2000874257 | 2000874257 | 第二书库/ [索取号:J110.9/8] | 在馆 | |
| 2 | 2000874258 | 2000874258 | 第二书库/ [索取号:J110.9/8] | 在馆 | |
| 3 | 2000874259 | 2000874259 | 第二书库/ [索取号:J110.9/8] | 在馆 | |
| 4 | 2000879343 | 2000879343 | 第二书库/ [索取号:J110.9/8] | 在馆 | |
| 5 | 2000879344 | 2000879344 | 第二书库/ [索取号:J110.9/8] | 在馆 |